[Event "2.BLN 1617 SV Werder Bremen - Preetzer"]
[Site "?"]
[Date "2017.01.15"]
[Round "4.1"]
[White "Ochsner, Bjorn Moller"]
[Black "Fish, Gennadij"]
[Result "1/2-1/2"]
[WhiteElo "2419"]
[BlackElo "2465"]
[PlyCount "90"]
[EventDate "2017.??.??"]

1. d4 Nf6 2. c4 e6 3. Nc3 Bb4 4. Qc2 O-O 5. Nf3 c5 6. dxc5 Na6 7. g3 Nxc5 8.
Bg2 Nce4 9. O-O Nxc3 10. bxc3 Bc5 11. e4 d6 12. e5 dxe5 13. Nxe5 Qc7 14. Qe2
Bd6 15. Re1 Bd7 16. Bg5 Bxe5 17. Qxe5 Qxe5 18. Rxe5 Rac8 19. Bxb7 Rxc4 20. Ra5
Rb8 21. Bg2 Bc6 22. Rxa7 Bxg2 23. Kxg2 Rxc3 24. Rb1 Rcc8 25. Rxb8 Rxb8 26. Bf4
Rc8 27. a4 Nd5 28. Bd6 f6 29. a5 Rc6 30. Bb8 h5 31. h4 Kh7 32. Rb7 Ra6 33. Ra7
Rc6 34. Rb7 Ra6 35. Rb5 Kg6 36. Kf3 Nc3 37. Rb3 Nd5 38. Ra3 Kf5 39. Bf4 Nxf4
40. gxf4 e5 41. fxe5 Kxe5 42. Ke3 g5 43. f4+ Kf5 44. fxg5 fxg5 45. hxg5 Kxg5
1/2-1/2

[Event "2.BLN 1617 SV Werder Bremen - Preetzer"]
[Site "?"]
[Date "2017.01.15"]
[Round "4.2"]
[White "Meins, Gerlef"]
[Black "Pedersen, Steffen"]
[Result "1-0"]
[WhiteElo "2409"]
[BlackElo "2367"]
[PlyCount "71"]
[EventDate "2017.??.??"]

1. d4 Nf6 2. Nf3 g6 3. c4 Bg7 4. Nc3 O-O 5. e4 d6 6. Be2 e5 7. O-O Na6 8. Be3
Ng4 9. Bg5 Qe8 10. dxe5 dxe5 11. h3 Nf6 12. Be3 b6 13. a3 Bb7 14. Qc2 Nc5 15.
Bxc5 bxc5 16. Nd2 Nd7 17. Nb3 Qe7 18. Na5 Rab8 19. b4 c6 20. b5 Rfc8 21. Bg4 h5
22. Bxd7 Qxd7 23. a4 Qc7 24. Nb3 Bf8 25. Rfd1 Rd8 26. Rxd8 Rxd8 27. Rd1 Rb8 28.
Qd2 cxb5 29. axb5 Qb6 30. f3 a6 31. Na4 Qe6 32. Nbxc5 Qxc4 33. Nd7 Qxa4 34.
Nxb8 Qxb5 35. Qd8 Bc6 36. Rc1 1-0

[Event "2.BLN 1617 SV Werder Bremen - Preetzer"]
[Site "?"]
[Date "2017.01.15"]
[Round "4.3"]
[White "Hansen, Mads"]
[Black "Joachim, Sven"]
[Result "1-0"]
[WhiteElo "2456"]
[BlackElo "2405"]
[PlyCount "51"]
[EventDate "2017.??.??"]

1. e4 c5 2. Nf3 d6 3. d4 cxd4 4. Nxd4 Nf6 5. Nc3 Nc6 6. Bg5 e6 7. Qd2 Be7 8.
O-O-O Nxd4 9. Qxd4 O-O 10. f4 Qa5 11. Bc4 Bd7 12. e5 dxe5 13. fxe5 Bc6 14. Bd2
Bc5 15. Qh4 Nd7 16. Nd5 Qa4 17. Nf6+ Nxf6 18. exf6 Rfc8 19. Qg5 g6 20. Bb3 Qb5
21. Bxe6 fxe6 22. f7+ Kxf7 23. Rhf1+ Kg8 24. Qf6 Re8 25. Bg5 Re7 26. Bh6 1-0

[Event "2.BLN 1617 SV Werder Bremen - Preetzer"]
[Site "?"]
[Date "2017.01.15"]
[Round "4.4"]
[White "Richter, Christian"]
[Black "Jahncke, Giso"]
[Result "1/2-1/2"]
[WhiteElo "2367"]
[BlackElo "2326"]
[PlyCount "63"]
[EventDate "2017.??.??"]

1. Nf3 Nf6 2. d4 g6 3. g3 Bg7 4. Bg2 O-O 5. c4 d6 6. Nc3 Nc6 7. O-O a6 8. b3
Rb8 9. Nd5 Nh5 10. Bb2 e6 11. Nc3 b5 12. cxb5 axb5 13. Rc1 b4 14. Nb1 Ne7 15.
Qc2 c6 16. Ne1 Ba6 17. Nd3 Qa5 18. Nd2 Bxd3 19. Qxd3 Qxa2 20. Rc2 Qa8 21. Nc4
d5 22. Ne5 Qb7 23. Qd2 Nf6 24. Rfc1 Rbc8 25. Nd3 Rb8 26. Ra1 Ra8 27. Rxa8 Rxa8
28. Qxb4 Qxb4 29. Nxb4 Rb8 30. Nxc6 Nxc6 31. Rxc6 Rxb3 32. Rc2 {(=)} 1/2-1/2

[Event "2.BLN 1617 SV Werder Bremen - Preetzer"]
[Site "?"]
[Date "2017.01.15"]
[Round "4.5"]
[White "Bjerre, Jonas"]
[Black "Grigorian, Spartak"]
[Result "1-0"]
[WhiteElo "2365"]
[BlackElo "2342"]
[PlyCount "77"]
[EventDate "2017.??.??"]

1. e4 c5 2. Nf3 d6 3. d4 cxd4 4. Nxd4 Nf6 5. Nc3 a6 6. Bg5 Nbd7 7. Qe2 h6 8.
Bh4 g6 9. f4 e5 10. fxe5 dxe5 11. O-O-O Qc7 12. Nb3 b5 13. g4 Bg7 14. Nd5 Nxd5
15. exd5 Bb7 16. Bg2 O-O 17. d6 Qc8 18. Be7 Re8 19. Bxb7 Qxb7 20. Rhf1 Qc6 21.
Na5 Qb6 22. b4 Rac8 23. Qf3 Kh8 24. Qe4 f6 25. Rf3 f5 26. gxf5 gxf5 27. Qxf5 e4
28. Rg3 Rg8 29. Qxd7 Qf2 30. Nc6 e3 31. Rxg7 e2 32. Rh1 Qf1+ 33. Rxf1 exf1=Q+
34. Kb2 Kxg7 35. Qg4+ Kh7 36. Qe4+ Kg7 37. d7 Rxc6 38. Qxc6 Qf4 39. Qc3+ 1-0

[Event "2.BLN 1617 SV Werder Bremen - Preetzer"]
[Site "?"]
[Date "2017.01.15"]
[Round "4.6"]
[White "Charmeteau, Sven"]
[Black "Schwarz, Frank"]
[Result "1/2-1/2"]
[WhiteElo "2324"]
[BlackElo "2226"]
[PlyCount "169"]
[EventDate "2017.??.??"]

1. e4 e6 2. d4 d5 3. Nc3 Bb4 4. e5 c5 5. a3 Bxc3+ 6. bxc3 Ne7 7. Qg4 O-O 8. Bd3
f5 9. exf6 Rxf6 10. Bg5 Rf7 11. Nf3 Nbc6 12. Qh4 h6 13. Bf4 c4 14. Be2 Qa5 15.
Bd2 Nf5 16. Qh5 Nd6 17. O-O Ne4 18. Be1 Qa4 19. Ne5 Nxe5 20. Qxe5 Qxc2 21. Bg4
Qb2 22. Rd1 Rf6 23. f3 Ng5 24. Qd6 Kh7 25. Bd2 Nf7 26. Qe7 Qb6 27. Kh1 Qd6 28.
Qxd6 Nxd6 29. Rfe1 Bd7 30. Re5 Nf7 31. Re2 Rc8 32. Rb1 Rc7 33. Be1 Bc8 34. a4
Rc6 35. a5 Ra6 36. Rb5 Nd8 37. Bh4 g5 38. Bg3 Kg6 39. h4 Nc6 40. h5+ Kh7 41.
Rxd5 exd5 42. Bxc8 Rf7 43. Be6 Re7 44. Bd6 Rxe6 45. Rxe6 Rxa5 46. Bf8 Ra1+ 47.
Kh2 a5 48. Bxh6 a4 49. Bxg5 a3 50. Re8 Kg7 51. h6+ Kh7 52. Rf8 Rf1 53. Ra8 Kg6
54. f4 Ne7 55. Rxa3 Nf5 56. Ra5 Rf2 57. Rb5 Ne3 58. Rb6+ Kf5 59. h7 Ng4+ 60.
Kh3 Rf1 61. g3 Rh1+ 62. Kg2 Rh2+ 63. Kg1 Rxh7 64. Bh4 Ke4 65. Rg6 Ne3 66. Kh2
Kd3 67. Re6 Nf5 68. Re5 Rf7 69. Bd8 Ne3 70. Kg1 b5 71. g4 b4 72. cxb4 c3 73.
Bg5 Rg7 74. Bh6 Rxg4+ 75. Kf2 Rg2+ 76. Kf3 Re2 77. f5 Nxf5 78. Rxf5 Re6 79. Bf4
Kxd4 80. Rf8 Kc4 81. Rb8 d4 82. b5 Kc5 83. b6 Rxb6 84. Rxb6 Kxb6 85. Ke4
1/2-1/2

[Event "2.BLN 1617 SV Werder Bremen - Preetzer"]
[Site "?"]
[Date "2017.01.15"]
[Round "4.7"]
[White "Hamann, Carsten"]
[Black "Mueller, Oliver"]
[Result "0-1"]
[WhiteElo "2118"]
[BlackElo "2301"]
[PlyCount "82"]
[EventDate "2017.??.??"]

1. e4 c5 2. b4 cxb4 3. a3 d5 4. exd5 Qxd5 5. Nf3 e5 6. c4 Qe6 7. Bb2 Nc6 8. Bd3
Nf6 9. O-O Bc5 10. axb4 Nxb4 11. Nxe5 O-O 12. Be2 Nc6 13. Nxc6 Qxc6 14. d4 Rd8
15. Bf3 Qc7 16. d5 Bd6 17. h3 Qxc4 18. Ra4 Qc7 19. Bxf6 gxf6 20. Qd3 f5 21. Nc3
Qe7 22. Qd2 Bd7 23. Ra2 Qe5 24. g3 Bb4 25. Rc1 Rdc8 26. Rac2 Rc4 27. Qd3 Rac8
28. Ne2 Rxc2 29. Rxc2 Rxc2 30. Qxc2 a5 31. Qc1 Be7 32. Qb1 b5 33. Nf4 b4 34.
Qc2 a4 35. Nd3 Qd6 36. Nb2 b3 37. Qd3 Bf6 38. Nc4 Qa6 39. d6 a3 40. Qxb3 a2 41.
Qb8+ Qc8 0-1

[Event "2.BLN 1617 SV Werder Bremen - Preetzer"]
[Site "?"]
[Date "2017.01.15"]
[Round "4.8"]
[White "Buchal, Stephan"]
[Black "Schwarzat, Julian"]
[Result "1/2-1/2"]
[WhiteElo "2315"]
[BlackElo "2079"]
[PlyCount "196"]
[EventDate "2017.??.??"]

1. c4 Nf6 2. Nf3 c5 3. g3 d5 4. cxd5 Nxd5 5. Bg2 Nc6 6. Nc3 Nc7 7. a3 e5 8. b4
f6 9. bxc5 Bxc5 10. O-O O-O 11. Bb2 Be6 12. Rc1 Na6 13. Na4 Be7 14. d4 e4 15.
Nd2 f5 16. e3 Na5 17. f3 exf3 18. Qxf3 Qd7 19. Nc3 Kh8 20. d5 Bg8 21. Bh3 Bc5
22. Kh1 Qe7 23. Rce1 Bxa3 24. Ba1 Nb4 25. Bg2 Nc2 26. Re2 Nxa1 27. Rxa1 Bb2 28.
Rxa5 Bxc3 29. Rb5 a5 30. Nc4 Qc7 31. Nb6 Ra6 32. Na4 Bb4 33. Qf1 Rd6 34. Rf2
Qd7 35. e4 Rh6 36. e5 f4 37. gxf4 Rf5 38. d6 Rfh5 39. Bf3 Rh4 40. Rxb7 Qxa4 41.
Rb8 Bxd6 42. exd6 Rxd6 43. Qb1 Qd4 44. Re2 Rd8 45. Rxd8 Qxd8 46. Qb5 Rxf4 47.
Re8 Qxe8 48. Qxe8 Rxf3 49. Qa4 Rf5 50. Kg2 Rc5 51. Kg3 h6 52. h4 Rc3+ 53. Kf2
Rc4 54. Qxa5 Rxh4 55. Qd8 Rc4 56. Kg3 Rc6 57. Qd7 Rg6+ 58. Kf4 Rf6+ 59. Kg3 Bf7
60. Qd8+ Kh7 61. Qe7 Bg6 62. Qd8 Rf5 63. Qe7 Rg5+ 64. Kf4 Rg1 65. Qa7 Rf1+ 66.
Kg4 h5+ 67. Kg3 Rf5 68. Qe7 Rd5 69. Kh3 Rd3+ 70. Kh2 Rd4 71. Qg5 Rg4 72. Qe7
Be4 73. Qe8 Bg6 74. Qe7 Be4 75. Qe8 g6 76. Qe7+ Kh6 77. Qf8+ Kg5 78. Qe7+ Kf4
79. Qd6+ Kf3 80. Qa3+ Kf2 81. Qb2+ Ke3 82. Qa3+ Kf4 83. Qd6+ Kg5 84. Qe7+ Kf5
85. Qd7+ Ke5 86. Qc7+ Kd4 87. Qb6+ Kd3 88. Qb3+ Ke2 89. Qb2+ Ke3 90. Qa3+ Bd3
91. Qc5+ Kf3 92. Qc3 Ke3 93. Qc5+ Rd4 94. Qg5+ Rf4 95. Qc5+ Kf3 96. Qd5+ Ke3
97. Qc5+ Ke4 98. Qc6+ Ke3 1/2-1/2

[Event "Preetzer TSV-HSK Lister Turm"]
[Site "Preetz"]
[Date "2017.02.05"]
[Round "5.1"]
[White "Schneider, Ilja"]
[Black "Pedersen, Steffen"]
[Result "1/2-1/2"]
[WhiteElo "2505"]
[BlackElo "2375"]
[PlyCount "121"]
[EventDate "2017.??.??"]
[WhiteTeam "HSK Lister Turm"]
[BlackTeam "Preetzer TSV"]

1. d4 d5 2. Nf3 Nf6 3. c4 e6 4. g3 dxc4 5. Bg2 c5 6. O-O Nc6 7. Qa4 Bd7 8. Qxc4
b5 9. Qc3 b4 10. Qd3 Rc8 11. dxc5 Bxc5 12. Bf4 Qb6 13. Nbd2 Na5 14. Ne4 Nxe4
15. Qxe4 Bc6 16. Qe5 O-O 17. Rac1 Bb7 18. b3 f6 19. Qh5 e5 20. Bd2 e4 21. Nh4
e3 22. Bxe3 Bxe3 23. Rxc8 Rxc8 24. fxe3 Qxe3+ 25. Kh1 Bxg2+ 26. Kxg2 Qe4+ 27.
Kh3 Qe6+ 28. Qf5 Re8 29. Rc1 Nc6 30. e3 g6 31. Qxe6+ Rxe6 32. Nf3 Rxe3 33. Rxc6
Rxf3 34. Kg2 Rc3 35. Rxf6 a5 36. Rf2 Kg7 37. Kh3 h5 38. Rd2 Rc5 39. Rf2 Kh6 40.
Kg2 h4 41. gxh4 Kh5 42. Kg3 Rc3+ 43. Rf3 Rc2 44. Rf8 Kh6 45. Rf2 Rc3+ 46. Kg4
a4 47. bxa4 Ra3 48. Kf4 Rxa4 49. Ke5 Ra5+ 50. Kd4 Rh5 51. Kc4 Rxh4+ 52. Kb5 Kh5
53. Rb2 g5 54. Rxb4 Rxh2 55. a4 g4 56. a5 Ra2 57. a6 g3 58. Rb3 Kg4 59. Rxg3+
Kxg3 60. Kb6 Rxa6+ 61. Kxa6 1/2-1/2

[Event "Preetzer TSV-HSK Lister Turm"]
[Site "Preetz"]
[Date "2017.02.05"]
[Round "5.3"]
[White "Voege, Tobias"]
[Black "Pedersen, Nicolai Vesterbaek"]
[Result "0-1"]
[WhiteElo "2237"]
[BlackElo "2377"]
[PlyCount "94"]
[EventDate "2017.??.??"]
[WhiteTeam "HSK Lister Turm"]
[BlackTeam "Preetzer TSV"]

1. c4 Nf6 2. Nc3 g6 3. g3 Bg7 4. Bg2 O-O 5. e3 c6 6. Nge2 d5 7. cxd5 cxd5 8.
O-O Nc6 9. d3 b6 10. b3 e5 11. Ba3 Re8 12. Rc1 Qd7 13. e4 dxe4 14. dxe4 Qxd1
15. Rfxd1 Ba6 16. Rc2 Rad8 17. Rcd2 Bf8 18. Bxf8 Kxf8 19. f3 Rxd2 20. Rxd2 Rc8
21. Bh3 Rd8 22. Rxd8+ Nxd8 23. Nc1 Ke7 24. Bf1 Bxf1 25. Kxf1 Nc6 26. Nd3 a6 27.
Nd5+ Nxd5 28. exd5 Nd4 29. Nxe5 f6 30. Nc4 b5 31. Nd2 f5 32. Kf2 Kd6 33. Ke3
Nc2+ 34. Kd3 Nb4+ 35. Kd4 Nxa2 36. Nf1 Nc1 37. Nd2 h5 38. g4 a5 39. h3 h4 40.
gxf5 gxf5 41. Ke3 Ke5 42. f4+ Kxd5 43. Nf3 Nxb3 44. Nxh4 Nd4 45. Ng6 a4 46. Ne5
a3 47. Nd3 Nc2+ 0-1

[Event "Preetzer TSV-HSK Lister Turm"]
[Site "Preetz"]
[Date "2017.02.05"]
[Round "5.4"]
[White "Hansen, Mads"]
[Black "Hoerstmann, Martin"]
[Result "1-0"]
[WhiteElo "2452"]
[BlackElo "2253"]
[PlyCount "53"]
[EventDate "2017.??.??"]
[WhiteTeam "Preetzer TSV"]
[BlackTeam "HSK Lister Turm"]

1. e4 g6 2. d4 Bg7 3. Nf3 d6 4. Bc4 Nf6 5. Qe2 O-O 6. e5 Ne8 7. h3 c5 8. dxc5
dxe5 9. O-O Nc6 10. c3 b6 11. Bb5 Qc7 12. cxb6 axb6 13. Bxc6 Qxc6 14. Nxe5 Qe6
15. Re1 Rxa2 16. Rxa2 Qxa2 17. Nc6 Bb7 18. Nxe7+ Kh8 19. Na3 Nd6 20. Qd3 Ne4
21. Rxe4 Bxe4 22. Qxe4 Qa1 23. Qe3 Rd8 24. Kh2 Rd1 25. Qf3 Be5+ 26. Bf4 Bf6 27.
Qa8+ 1-0

[Event "Preetzer TSV-HSK Lister Turm"]
[Site "Preetz"]
[Date "2017.02.05"]
[Round "5.5"]
[White "Hampel, Felix"]
[Black "Jahncke, Giso"]
[Result "0-1"]
[WhiteElo "2220"]
[BlackElo "2327"]
[PlyCount "56"]
[EventDate "2017.??.??"]
[WhiteTeam "HSK Lister Turm"]
[BlackTeam "Preetzer TSV"]

1. c4 g6 2. Nf3 Bg7 3. d4 d6 4. Nc3 Nf6 5. e4 O-O 6. h3 Na6 7. Be3 c6 8. g3 b5
9. cxb5 cxb5 10. Bxb5 Rb8 11. a4 Nb4 12. d5 Qa5 13. Kf1 e6 14. dxe6 fxe6 15.
Qxd6 Rxb5 16. Nxb5 Nxe4 17. Qc7 Qxc7 18. Nxc7 Rxf3 19. Kg2 Rf7 20. Nb5 Bb7 21.
f3 Nc2 22. Rae1 a6 23. Re2 Nxe3+ 24. Rxe3 Ng5 25. Nd6 Rxf3 26. Ree1 Ba8 27. Kh2
Rf2+ 28. Kg1 Bd4 0-1

[Event "Preetzer TSV-HSK Lister Turm"]
[Site "Preetz"]
[Date "2017.02.05"]
[Round "5.7"]
[White "Gentemann, Moritz"]
[Black "Plueg, Andreas"]
[Result "0-1"]
[WhiteElo "2192"]
[BlackElo "2274"]
[PlyCount "82"]
[EventDate "2017.??.??"]
[WhiteTeam "HSK Lister Turm"]
[BlackTeam "Preetzer TSV"]

1. e4 c6 2. d4 d5 3. e5 Bf5 4. Nf3 e6 5. Be2 Nd7 6. O-O Ne7 7. Nbd2 Bg6 8. Nb3
Nf5 9. Bd2 Be7 10. g4 Nh4 11. Nxh4 Bxh4 12. f4 h6 13. f5 Bh7 14. Bd3 Qe7 15.
Qf3 O-O-O 16. Be3 Kb8 17. Qh3 Bg5 18. Bf2 h5 19. Rae1 hxg4 20. Qxg4 Ka8 21. Bg3
a6 22. Rf3 Rde8 23. Ref1 exf5 24. Bxf5 Bxf5 25. Rxf5 f6 26. exf6 gxf6 27. R5f3
Reg8 28. Qf5 Bh4 29. Kg2 Rg5 30. Qf4 Qh7 31. Rh1 Qxc2+ 32. Rf2 Qg6 33. Rg1 Bxg3
34. hxg3 Rg4 35. Qf3 Rg8 36. Kh1 f5 37. Rfg2 f4 38. Rf1 Rxg3 39. Rxg3 fxg3 40.
Kg1 g2 41. Re1 Qh6 0-1

[Event "Preetzer TSV-HSK Lister Turm"]
[Site "Preetz"]
[Date "2017.02.05"]
[Round "5.8"]
[White "Junge, Kai"]
[Black "Virag, Attila Aba"]
[Result "0-1"]
[WhiteElo "2232"]
[BlackElo "2280"]
[PlyCount "104"]
[EventDate "2017.??.??"]
[WhiteTeam "Preetzer TSV"]
[BlackTeam "HSK Lister Turm"]

1. Nf3 Nf6 2. g3 b6 3. Bg2 Bb7 4. O-O e6 5. d3 Be7 6. Nbd2 c5 7. e4 d6 8. Re1
Nbd7 9. c4 O-O 10. Nf1 Qc7 11. Qe2 a6 12. Ng5 h6 13. Nh3 b5 14. b3 Nh7 15. Bb2
Bf6 16. f4 Bxb2 17. Qxb2 Nb6 18. Ne3 Rfd8 19. Rac1 Rac8 20. Nf2 Nf8 21. Qe2 Qe7
22. Qh5 Bc6 23. h4 Qf6 24. Qe2 Qd4 25. Kh2 Nfd7 26. Rcd1 a5 27. cxb5 Bxb5 28.
Nc4 a4 29. e5 dxe5 30. fxe5 Nd5 31. Ne4 Nxe5 32. Qh5 f6 33. Rf1 Be8 34. Qe2 Rc7
35. Kh1 Rb8 36. bxa4 Bxa4 37. Rd2 Ne7 38. Rxf6 Nxc4 39. dxc4 Qe5 40. Rf1 Nf5
41. Qe1 Bc6 42. Rf4 Kh8 43. Kh2 g5 44. hxg5 hxg5 45. Rg4 Rg8 46. Qc1 Nh6 47.
Qd1 Qf5 48. Rxg5 Rxg5 49. Nxg5 Qxg5 50. Rd8+ Ng8 51. Qd6 Rh7+ 52. Kg1 Qe3+ 0-1

[Event "2.BLN 1617 SF Berlin - SV Werder Bremen"]
[Site "?"]
[Date "2017.02.05"]
[Round "5.1"]
[White "Fish, Gennadij"]
[Black "Polzin, Rainer"]
[Result "1/2-1/2"]
[WhiteElo "2465"]
[BlackElo "2423"]
[PlyCount "64"]
[EventDate "2017.??.??"]

1. d4 Nf6 2. c4 g6 3. Nc3 Bg7 4. e4 d6 5. Nf3 O-O 6. Be2 e5 7. O-O Nc6 8. Be3
Ng4 9. Bg5 f6 10. Bc1 f5 11. d5 Ne7 12. Ng5 Nf6 13. exf5 Nxf5 14. Nge4 Nxe4 15.
Nxe4 Nd4 16. Bg5 Qe8 17. Rc1 Bf5 18. Bd3 b6 19. Be3 Bxe4 20. Bxe4 Nf5 21. Qd2
a5 22. b3 Rf7 23. a3 Qf8 24. Bxf5 Rxf5 25. b4 axb4 26. axb4 e4 27. c5 bxc5 28.
bxc5 Qf7 29. cxd6 cxd6 30. Rfd1 Rf8 31. Rc4 Re8 32. h3 h5 1/2-1/2

[Event "2.BLN 1617 SF Berlin - SV Werder Bremen"]
[Site "?"]
[Date "2017.02.05"]
[Round "5.2"]
[White "Ahmadinia, Ebrahim"]
[Black "Meins, Gerlef"]
[Result "1-0"]
[WhiteElo "2386"]
[BlackElo "2409"]
[PlyCount "121"]
[EventDate "2017.??.??"]

1. e4 c5 2. Nf3 Nc6 3. Bb5 g6 4. Bxc6 dxc6 5. d3 Bg7 6. Nc3 Bg4 7. h3 Bxf3 8.
Qxf3 Nf6 9. Be3 Nd7 10. O-O e5 11. Qg3 O-O 12. Kh1 Qe7 13. f4 f5 14. Rae1 Rae8
15. fxe5 Bxe5 16. Bf4 Qd6 17. Bxe5 Qxe5 18. Qxe5 Rxe5 19. exf5 Rfxf5 20. Kg1 b6
21. b3 Kg7 22. a4 Nf6 23. a5 Rxf1+ 24. Rxf1 Nd5 25. Ne4 Ne3 26. Rc1 b5 27. Kf2
Nf5 28. Ke2 c4 29. Kd2 cxb3 30. cxb3 Nd4 31. Ke3 Rd5 32. g4 h5 33. a6 hxg4 34.
hxg4 Nxb3 35. Rxc6 Rd7 36. Rc8 Na5 37. Rc5 Nb3 38. Rxb5 Nd4 39. Rb1 Nc6 40. g5
Kf7 41. Rf1+ Ke7 42. Rh1 Nb4 43. Nc5 Rd5 44. Rh7+ Kd6 45. Ne4+ Kc6 46. Rg7
Rxd3+ 47. Kf4 Ra3 48. Rxg6+ Kd7 49. Nc5+ Ke7 50. Rg7+ Kd6 51. Ne4+ Ke6 52. Nc5+
Kd6 53. Nb7+ Kd5 54. Rd7+ Kc6 55. Rd6+ Kc7 56. g6 Ra1 57. Kf5 Rg1 58. Kf6 Nxa6
59. Rxa6 Kxb7 60. Ra5 Kb6 61. Rf5 1-0

[Event "2.BLN 1617 SF Berlin - SV Werder Bremen"]
[Site "?"]
[Date "2017.02.05"]
[Round "5.3"]
[White "Joachim, Sven"]
[Black "Nogly, Christoph"]
[Result "1-0"]
[WhiteElo "2405"]
[BlackElo "2231"]
[PlyCount "219"]
[EventDate "2017.??.??"]

1. e4 e5 2. Nf3 Nc6 3. Bc4 Nf6 4. d3 Bc5 5. O-O d6 6. c3 a6 7. a4 Ba7 8. Na3 h6
9. Nc2 O-O 10. Re1 Re8 11. Be3 Be6 12. Bxa7 Bxc4 13. dxc4 Rxa7 14. a5 Qd7 15.
Qd3 Nd8 16. Ne3 Ne6 17. Nd5 Nxd5 18. cxd5 Nf4 19. Qe3 Qg4 20. g3 g5 21. Nd2
Raa8 22. f3 Nh3+ 23. Kg2 Qh5 24. Qe2 Kh7 25. Nc4 Rg8 26. Ne3 Nf4+ 27. gxf4
gxf4+ 28. Ng4 Qg6 29. Kh1 h5 30. Nxe5 dxe5 31. Rg1 Qf6 32. Qc4 Qd6 33. Rxg8
Rxg8 34. Rg1 Rxg1+ 35. Kxg1 b5 36. axb6 Qxb6+ 37. Kf1 Qxb2 38. Qxc7 Qc1+ 39.
Kg2 Qd2+ 40. Kh3 Qf2 41. Qxf7+ Kh6 42. Qe6+ Kh7 43. Qf7+ Kh6 44. Qe6+ Kh7 45.
d6 Qxf3+ 46. Kh4 Qf2+ 47. Kg5 Qg2+ 48. Kxh5 Qxh2+ 49. Kg5 Qg2+ 50. Kf5 f3 51.
Qf7+ Kh6 52. Qf6+ Kh7 53. Qf7+ Kh6 54. d7 f2 55. Qf6+ Kh7 56. Qf7+ Kh6 57. Qf6+
Kh7 58. Kxe5 f1=Q 59. Qxf1 Qxf1 60. d8=Q Qb5+ 61. Qd5 Qb8+ 62. Kd4 Qb6+ 63. Qc5
Qf6+ 64. Kc4 Qf1+ 65. Kb4 Qb1+ 66. Ka5 Qxe4 67. c4 Qb1 68. Kxa6 Qa2+ 69. Kb7
Kh6 70. Qd6+ Kh5 71. c5 Qb3+ 72. Kc7 Qf7+ 73. Qd7 Qf4+ 74. Kb6 Qb8+ 75. Qb7
Qd8+ 76. Ka6 Qf6+ 77. Qb6 Qa1+ 78. Qa5 Qf6+ 79. c6+ Kh4 80. Qd5 Qa1+ 81. Kb7
Qb2+ 82. Kc8 Kh3 83. c7 Kh2 84. Kd7 Qg7+ 85. Kc6 Qc3+ 86. Qc5 Qf3+ 87. Qd5 Qc3+
88. Kd6 Qf6+ 89. Qe6 Qd4+ 90. Ke7 Qh4+ 91. Ke8 Qh8+ 92. Kd7 Qg7+ 93. Kc6 Qc3+
94. Kb7 Qb4+ 95. Qb6 Qe4+ 96. Qc6 Qb4+ 97. Qb6 Qe4+ 98. Ka7 Qa4+ 99. Kb8 Qf4
100. Qb2+ Kh3 101. Qc3+ Kh2 102. Kb7 Qe4+ 103. Kb6 Qe6+ 104. Ka5 Qd5+ 105. Ka4
Qa8+ 106. Kb3 Qb7+ 107. Ka2 Qc8 108. Kb1 Kg2 109. Kc1 Kf2 110. Qf6+ 1-0

[Event "2.BLN 1617 SF Berlin - SV Werder Bremen"]
[Site "?"]
[Date "2017.02.05"]
[Round "5.4"]
[White "Chatzidakis, Mihail"]
[Black "Richter, Christian"]
[Result "1/2-1/2"]
[WhiteElo "2302"]
[BlackElo "2367"]
[PlyCount "62"]
[EventDate "2017.??.??"]

1. e4 e5 2. d4 exd4 3. Qxd4 Nc6 4. Qe3 Nf6 5. Nc3 Bb4 6. Bd2 O-O 7. O-O-O Re8
8. Qg3 Rxe4 9. a3 Bd6 10. f4 Re8 11. Bd3 Bc5 12. Nf3 d5 13. Rde1 Nd4 14. Rxe8+
Nxe8 15. Nxd4 Bxd4 16. Bxh7+ Kxh7 17. Qd3+ Kg8 18. Qxd4 c6 19. Re1 Bd7 20. h3
Nd6 21. b3 Qb6 22. Qe5 Qc7 23. g4 Re8 24. Qd4 Rxe1+ 25. Bxe1 b6 26. Kb2 Qd8 27.
Qe5 Be8 28. f5 f6 29. Qf4 Nf7 30. Qd4 Ng5 31. Qe3 d4 1/2-1/2

[Event "2.BLN 1617 SF Berlin - SV Werder Bremen"]
[Site "?"]
[Date "2017.02.05"]
[Round "5.5"]
[White "Grigorian, Spartak"]
[Black "Lundin, Jan"]
[Result "1-0"]
[WhiteElo "2342"]
[BlackElo "2276"]
[PlyCount "113"]
[EventDate "2017.??.??"]

1. d4 d5 2. Nf3 e6 3. c4 c5 4. cxd5 exd5 5. g3 Nc6 6. Bg2 Nf6 7. O-O Be7 8. Nc3
O-O 9. Bg5 c4 10. Ne5 Be6 11. b3 Qa5 12. Nxc6 bxc6 13. Na4 Rfd8 14. e3 Rac8 15.
Bxf6 gxf6 16. Qh5 c5 17. Rfd1 c3 18. Rac1 c2 19. Rxc2 cxd4 20. Rxc8 Rxc8 21.
Be4 h6 22. exd4 Kg7 23. Bb1 Ba3 24. Kg2 Qb5 25. h3 Qd7 26. Kh2 Qd6 27. Qf3 h5
28. Nc3 Qd7 29. Qd3 Rh8 30. h4 Bd6 31. Ne2 Bg4 32. f3 Be6 33. Re1 Qe7 34. Qe3
Rc8 35. Nf4 Bxf4 36. Qxf4 Qb4 37. Rg1 Qc3 38. Bf5 Qb2+ 39. Rg2 Qa1 40. g4 Qc1
41. gxh5+ Kh8 42. Qxc1 Rxc1 43. Bxe6 fxe6 44. Rg6 e5 45. Rxf6 exd4 46. Rf5 Rc2+
47. Kg3 Rxa2 48. Rxd5 Rb2 49. Rxd4 Rxb3 50. Rd7 a5 51. Ra7 Rb5 52. Kg4 Rb4+ 53.
f4 a4 54. Kg5 Kg8 55. f5 Rc4 56. h6 Rb4 57. f6 1-0

[Event "2.BLN 1617 SF Berlin - SV Werder Bremen"]
[Site "?"]
[Date "2017.02.05"]
[Round "5.6"]
[White "Wintzer, Joachim"]
[Black "Charmeteau, Sven"]
[Result "1-0"]
[WhiteElo "2258"]
[BlackElo "2324"]
[PlyCount "77"]
[EventDate "2017.??.??"]

1. c4 e5 2. Nc3 Nf6 3. e3 d5 4. cxd5 Nxd5 5. Nf3 Nxc3 6. bxc3 Bd6 7. d4 Nd7 8.
e4 c6 9. Bd3 O-O 10. O-O Qc7 11. Qc2 c5 12. d5 c4 13. Be2 Rb8 14. a4 b6 15. Nd2
Ba6 16. Rd1 Nf6 17. Nf1 Ne8 18. Ne3 Be7 19. Nf5 Bc5 20. Qa2 g6 21. Ng3 f5 22.
Bh6 Rf7 23. exf5 Nd6 24. Kh1 Nxf5 25. Nxf5 Rxf5 26. d6 Bxd6 27. Bg4 Rf6 28. Bg5
Rff8 29. Rd2 Qc5 30. Rad1 Be7 31. Bxe7 Qxe7 32. Rd7 Qh4 33. Qd2 Bb7 34. f3 e4
35. Qd4 Qf6 36. Qxc4+ Kh8 37. R1d6 Qe5 38. Re6 Qc5 39. Ree7 1-0

[Event "2.BLN 1617 SF Berlin - SV Werder Bremen"]
[Site "?"]
[Date "2017.02.05"]
[Round "5.7"]
[White "Mueller, Oliver"]
[Black "Priebe, Jan"]
[Result "1/2-1/2"]
[WhiteElo "2301"]
[BlackElo "2260"]
[PlyCount "91"]
[EventDate "2017.??.??"]

1. d4 Nf6 2. c4 g6 3. Nf3 Bg7 4. g3 O-O 5. Bg2 d6 6. Nc3 Nc6 7. O-O a6 8. h3
Bd7 9. e4 e5 10. Be3 exd4 11. Nxd4 Re8 12. Re1 Qc8 13. Kh2 b5 14. cxb5 Nxd4 15.
Bxd4 axb5 16. Nd5 Nxd5 17. Bxg7 Kxg7 18. exd5 Qd8 19. Rxe8 Bxe8 20. a3 Qf6 21.
Qd2 Bd7 22. Rc1 Ra7 23. Rc3 h5 24. Qc2 Bf5 25. Qc1 Qd4 26. Kg1 Be4 27. Bxe4
Qxe4 28. Qd2 Ra4 29. b4 Qe5 30. f4 Qf6 31. g4 hxg4 32. hxg4 Ra8 33. g5 Qf5 34.
Qd4+ Kg8 35. Re3 Rf8 36. Kh2 f6 37. Re7 Qg4 38. Qe4 Qh4+ 39. Kg2 fxg5 40. Qe6+
Kh8 41. Re8 Rxe8 42. Qxe8+ Kg7 43. Qe7+ Kh6 44. Qf8+ Kh7 45. Qf7+ Kh6 46. Qf8+
1/2-1/2

[Event "2.BLN 1617 SF Berlin - SV Werder Bremen"]
[Site "?"]
[Date "2017.02.05"]
[Round "5.8"]
[White "Noetzel, Felix"]
[Black "Buchal, Stephan"]
[Result "1-0"]
[WhiteElo "2184"]
[BlackElo "2315"]
[PlyCount "163"]
[EventDate "2017.??.??"]

1. e4 g6 2. d4 Bg7 3. Nc3 d6 4. Be3 Nf6 5. f3 O-O 6. Qd2 e5 7. Nge2 exd4 8.
Nxd4 d5 9. e5 Ne8 10. Bg5 f6 11. exf6 Nxf6 12. O-O-O Nc6 13. h4 Nxd4 14. Qxd4
c6 15. Qd2 Qc7 16. g4 Be6 17. h5 Nd7 18. hxg6 hxg6 19. Kb1 Rxf3 20. Bd3 Ne5 21.
Qh2 Qf7 22. Qh7+ Kf8 23. Be2 Bxg4 24. Bxf3 Nxf3 25. Bh6 Bxh6 26. Qxh6+ Ke7 27.
Rhf1 Rf8 28. b3 Qf6 29. Ne2 g5 30. Qh7+ Rf7 31. Qd3 Qe6 32. Nc3 Ne5 33. Rxf7+
Qxf7 34. Qe3 Qf4 35. Qc5+ Kd7 36. Rh1 b6 37. Rh7+ Nf7 38. Qf8 Be6 39. Kb2 Qf5
40. Rg7 Qf6 41. Rg8 Qd8 42. Qg7 Qe7 43. Ra8 Kd6 44. Qd4 Qb7 45. Ne4+ Kd7 46.
Rg8 c5 47. Nf6+ Kc7 48. Qe3 Qc6 49. Re8 Nd8 50. Qe5+ Kc8 51. Qxg5 Qd6 52. Qg7
a5 53. a4 c4 54. Ng4 d4 55. Qe5 Qxe5 56. Nxe5 cxb3 57. cxb3 Kc7 58. Rh8 Nc6 59.
Nd3 Bf5 60. Nf4 Nb4 61. Rh6 Kb7 62. Kc1 Bc2 63. Kb2 Be4 64. Ne2 d3 65. Nc3 Bf3
66. Kc1 Bc6 67. Kd2 Kc7 68. Ke3 Kb7 69. Kd2 Kc7 70. Ke3 Kb7 71. Nb1 b5 72. axb5
Bxb5 73. Nd2 Bc6 74. Kd4 Kc7 75. Kc5 Na6+ 76. Kd4 Nb4 77. Nc4 Bd5 78. Rh7+ Kd8
79. Nd2 Bc6 80. Kc5 Be8 81. Kd6 Nc2 82. Ra7 1-0